000 00539nam a2200217 a 4500
001 0001-2062
003 ELIB.Books
008 190718 2010 eng
020 _aKBTS
092 _a232.096
_bSch
100 _aSchreiter, Robert J.
245 _aFaces of Jesus in Africa
260 _aMaryknoll
_bOrbis Books
_c2005
300 _a181
_c20 Cm
650 _aFeminist
856 _nKBTS Library
_uKBTS Elib
942 _2ddc
_cBK
990 _a2
998 _aEnglishbooks.elf
_ccat
_e2019-07-18
999 _c12062
_d12062